000
00255nam a2200097Ia 4500
001
690666
005
20250826161820.0
008
250824s9999 xx 000 0 und d
245
0
_a
İslam Mezhepleri Tarihi
_c
Doç. Dr. Mehmet Kubat
260
_b
KİTAP DÜNYASI
999
_c
690666
_d
690666